000 01244nam a22002417a 4500
001 3649
003 FISKH
005 20240402142504.0
008 240402b cb ||||| |||| 00| 0 eng d
040 _aFISKH
_bkhr
_cFISKH
_dFISKH
050 _aPZ7
082 _a512.74
100 _aKimsrun, Inn
245 _aសៀវភៅ​ហ្វឹកហាត់​គណិតវិទ្យា ថ្នាក់ទី១ /
260 _aភ្នំពេញ :
_bគ្រិះស្ថានបោះពុម្ពនិងចែកផ្សាយ,
_c2012.
300 _a102 pages :
_billustrations ;
_c21 cm
520 _a"ហ្វឹកហាត់​គណិតវិទ្យា​ថ្នាក់ទី១" ជា​សៀវភៅ​ហ្វឹកហាត់​គណិតវិទ្យា​សម្រាប់​កុមារ​ថ្នាក់ទី១ ដើម្បី​ជំនួយ​ការ​ហ្វឹកហាត់​កុមារ​បន្ថែម​នៅ​ផ្ទះ ។
520 _a"Math Training 1st Grade" is a math training book for 1st grade children to help train more children at home.
650 _aMath
650 _aគណិត
942 _2ddc
_cKHB
_n0
999 _c3649
_d3649